Lyrics to Kendrick Lamar`s «Not Like Us» pt.1 - Statistics

General Stats
  • This quiz has been taken 2,458 times
    2,025 since last reset
  • The average score is 268 of 500
Answer Stats
Answer % Correct
a
96%
A
96%
(the)
96%
the
96%
The
96%
B-
95%
n*****
95%
N*****
95%
I
94%
(on)
91%
on
91%
on,
91%
be
90%
like
88%
he
87%
(beat),
86%
beat,
86%
Beat
86%
(Mustard)
85%
Mustard
85%
(ho)
83%
ho
83%
an
82%
you
81%
You
81%
no
80%
they
79%
They
79%
do
78%
see
76%
not
75%
us x6
75%
go
73%
to
73%
To
73%
and
71%
And
71%
Drake,
71%
'em
71%
up
71%
in
69%
man
69%
fuck
68%
Fuck
68%
minor
68%
What
68%
free
67%
him,
67%
him
67%
it
67%
down
66%
down,
66%
dead
65%
I'm
65%
love
65%
people
65%
one
64%
young
64%
your
64%
any
63%
ass
63%
bitch
63%
bitch?
63%
call
63%
Certified
63%
tryna'
63%
Tryna
63%
hear
62%
it's
62%
me,
62%
me
62%
me-
62%
n*****s
61%
Say,
61%
throw
61%
with
61%
got?
60%
got
60%
hide
60%
rap
60%
that
60%
That
60%
Boy?
59%
boy,
59%
tell
59%
around
58%
around?
58%
Compton?
58%
Compton
58%
Lover
58%
God
57%
probably
57%
bro"
56%
my
56%
sister
56%
strike
56%
all
55%
block
55%
cell
55%
from
55%
From
55%
walk
55%
Walk
55%
why
55%
Why
55%
Bible
54%
some
54%
watch
54%
Aint
53%
Ain't
53%
is
53%
show
53%
stuff
53%
these
53%
tired?
53%
What's
53%
at
52%
better
52%
chord
52%
How
52%
how
52%
Psst
52%
if
51%
many
51%
Option?"
51%
pop
51%
Pop
51%
watchin'
51%
John
50%
cross,
49%
'lil
49%
make
49%
this
49%
too
49%
"Breathe,
48%
can
48%
gotta
48%
Nail
48%
out
48%
sure
48%
trollin'
48%
hate
47%
hey,
47%
industry
47%
Just
47%
Stockton
47%
talk
47%
Teezo
47%
Sometimes
46%
Wop, wop, wop, wop, wop,
46%
body
45%
Dot,
45%
Wop, wop, wop, wop, wop,
45%
his
44%
know
44%
mama
44%
pass
44%
really
44%
Then
44%
opps
43%
options
43%
case,
42%
mean
42%
shit,
42%
ever
41%
get
41%
weird
41%
finna
40%
hand-
40%
I'ma
40%
I"ma
40%
nose
40%
now
40%
time,
40%
Baka
39%
gon'
39%
jabroni-
39%
party
39%
Pac,
38%
playin
38%
score
38%
think
38%
Deebo
37%
downs
37%
only
37%
Boogeyman
36%
disrespect
36%
let
36%
extort
35%
pedophiles
35%
amberlamps,
34%
Chubbs
34%
last
34%
stop,
34%
OVO
33%
bully
32%
want,
32%
want
32%
for
31%
for?
31%
slow
31%
deep,
30%
don't
30%
still
30%
whole
30%
pretendin'
29%
they're
29%
dumb
28%
audience
27%
Bay
27%
bitches,
27%
Ayy,
26%
ayy
26%
Bird
26%
bird
26%
Oakland
26%
most
24%
"Other
24%
Pole
24%
Pussy
24%
Vaginal
24%
further,
23%
Malibu
23%
owl?
23%
promise
23%
wanted
23%
Death
22%
had
22%
or
22%
Row
22%
Shape
22%
somethin?'
22%
somethin'
22%
stand
22%
stories
22%
Did
21%
hole
21%
was
21%
2009
20%
Cole
20%
foul,
20%
Gatorade
20%
jumpin'
20%
of
20%
Since
20%
Rabbit
19%
Yeah,
19%
ball
17%
fetch
17%
girl
17%
wedgie,
17%
over
16%
that's
16%
boxers
15%
flipped
15%
jail,
15%
stands
15%
eyes
14%
face
14%
home,
14%
posture,
14%
straighten
14%
Wayne
14%
apologizin'
13%
Chin
13%
send
13%
Serena
13%
tatted
13%
action,
12%
Star,
12%
while
12%
connivin'
11%
deserve
11%
didn't
11%
glad
11%
Hidin'"
11%
polished
11%
Put
11%
"Quit
11%
speak
11%
y'all
11%
came
10%
famous
10%
Fucked
10%
law,
10%
lean
10%
Music
10%
neither
10%
caption,
9%
Central,
9%
flocks
9%
homeboy
9%
label
9%
Might
9%
name
9%
neighborhood
9%
placed
9%
predator
9%
Rad
9%
Sweet
9%
write
9%
dropped,
8%
registered
8%
accident
7%
another
7%
DeRoz
7%
hands-
7%
line
7%
Wock'
7%
wrong
7%
needs
6%
Alondra
5%
movin'
5%
n*****s'll
5%
subpoena,
5%
doctorate,
4%
No matching quizzes found
Score Distribution
Percent of People with Each Score
Percentile by Number Answered
Your Score History
You have not taken this quiz since the last reset